Statistics for Longest rivers in Africa

Click here to take the quiz!

General Stats

  • This quiz has been taken 97 times
  • The average score is 7 of 20

Answer Stats

Length (miles)River Name% Correct
4132Nile
99%
2920Congo
96%
2693Zambezi
85%
2610Niger
83%
1300Orange River
56%
994Blue Nile
46%
1020Senegal
42%
1118Limpopo
40%
994Volta
25%
1411Ubangi–Uele
21%
1338Kasai
19%
994Okavango
17%
752Vaal
11%
870Benue
10%
621Kwango
6%
746Shire River
6%
621Draa
4%
982Jubba–Shebelle
4%
715Sankuru
3%
795Lomami
1%

Score Distribution

Percentile by Number Answered

Percent of People with Each Score

Your Score History

You have not taken this quiz